| 000 | 00734nam a2200241 a 4500 | ||
|---|---|---|---|
| 001 | 53887 | ||
| 003 | BD-RjUL | ||
| 005 | 20211209080034.0 | ||
| 008 | 161029s1950 en a|||| |||| 001 0 eng d | ||
| 035 | _a(BD-RjUL)54009 | ||
| 040 |
_aBD-RjUL _beng _cBD-RjUL |
||
| 041 | _aeng | ||
| 082 |
_a621.384151 _bLAS 1950 |
||
| 100 |
_aLadner, Alan Wilfrid _9160963 |
||
| 245 | 1 | 0 |
_aShort wave wireless communication : _bincluding ultra-short waves / _cAlan Wilfrid Ladner, Charles Robert Stoner |
| 250 | _a5th ed. | ||
| 260 |
_aLondon : _bChapman & Hall, _c1950 |
||
| 300 |
_aix, 717 p. : _bill. ; _c24 cm. |
||
| 500 | _aInclude index | ||
| 650 |
_aShortwave radio _9160964 |
||
| 700 |
_aStoner, Charles Robert _9160965 |
||
| 942 |
_2ddc _cBK |
||
| 999 |
_c53887 _d53887 |
||